Tadeusz Różewicz

Bibliographic Details
Main Author: Kovalčík, Vlastimil, 1939- (Author)
Format: Article
Language:Slovak
ISSN:0231-6269
Subjects:

MARC

LEADER 00000nab a2200000 a 4500
001 vtls009952318
003 SK-MaSNL
005 20260304152608.0
008 250506c2009 xo |r|p|||||||000 b|slo
015 |a SNBRB2009/09  |2 snkbucl 
035 |a (uuid)8e1339a8-858f-44de-af75-89c8d5419827 
035 |a urn:nbn:sk:snk-abc577 
035 |a (urnnbn)urn:nbn:sk:snk:ar-004fx1 
038 |a SNKBUCL 
040 |a SNKBUCL  |b slo  |c SNKBUCL  |e AACR2 
041 0 |a slo 
044 |a xo  |c SK 
080 |a 82:929:821.162.1  |2 2001 
080 |a 821.162.1:929  |2 2001 
080 |a 929 Różewicz, Tadeusz  |2 2001 
100 1 |a Kovalčík, Vlastimil,  |d 1939-  |4 aut  |9 102390 
245 1 0 |a Tadeusz Różewicz  |c Vlastimil Kovalčík 
500 |a Pod spoločným názvom Viachlas zo súčasnej poľskej poézie 21. storočia 
600 1 7 |a Różewicz, Tadeusz,  |d 1921-2014  |2 snkbucl  |9 168168 
655 7 |a profily  |2 snkbucl  |9 341977 
773 0 |t Revue svetovej literatúry  |g Roč. XLV, č. 3 (2009), s. 139  |x 0231-6269 
850 |a Slovenská národná knižnica 
852 |a Slovenská národná knižnica 
958 |a article15 
958 |a OND 
958 |a LX 
958 |a PL 
958 |a BC 
958 |a EUIPO 
999 |c 2949960  |d 2951890